000 00839nam a2200253 a 4500
001 BRL_1479
005 20190320211227.0
008 230114s1975----nyuabo####---#000-0#eng-#
020 _a0486212351
041 _aeng
044 _anyu
050 4 _aF1435.3.A7
_b.S65 1975
100 1 _aSpinden, Herbert Joseph
_d1879-1967
_924261
245 1 0 _aA study of maya art
_bit´s subject matter and historical development
_cHerbert J. Spinden ; with a new introduction and bibliography by J. Eric S. Thompson.
260 _aNueva York
_bDover Publications
_c1975
300 _axxvi, 285 p.
_bil., 29 láminas, mapas
_c29 cm.
500 _aAu1722
500 _aIncluye tabla de nomenclaturas
504 _aBibliografía : p. 263-276
650 1 4 _aArte maya
_9621
700 1 _aS. Thompson, J. Eric
_927048
902 _aGRL
942 _2lcc
_cB
999 _c10289
_d10289